Əsərləri (Record no. 434)

MARC details
000 -LEADER
fixed length control field 02609nam a2200457 4500
003 - CONTROL NUMBER IDENTIFIER
control field OSt
005 - DATE AND TIME OF LATEST TRANSACTION
control field 20260513073152.0
008 - FIXED-LENGTH DATA ELEMENTS--GENERAL INFORMATION
fixed length control field 260513b |||||||| |||| 00| 0 aze d
020 ## - INTERNATIONAL STANDARD BOOK NUMBER
International Standard Book Number 9952418679
040 ## - CATALOGING SOURCE
Original cataloging agency AZ-XaKU
Language of cataloging aze
Transcribing agency AZ-XaKU
041 0# - LANGUAGE CODE
Language code of text/sound track or separate title aze
-- per
Language code of original per
-- ara
050 14 - LIBRARY OF CONGRESS CALL NUMBER
Classification number PL314 .F9899 .W89256 2005
100 1# - MAIN ENTRY--PERSONAL NAME
Personal name Füzuli, Məhəmməd,
Titles and words associated with a name şair, mütəfəkkir və filosof,
Dates associated with a name 1494-1556,
Relator term müəllif.
245 10 - TITLE STATEMENT
Title Əsərləri
Remainder of title : Altı cilddə
Statement of responsibility, etc. / Məhəmməd Füzuli ; tərtib edən Həmid Araslı ; tərcümə edənlər H. Araslı, M. Sultanov, M. Mübariz ; redaktor Teymur Kərimli ; buraxılışa məsul Əziz Güləliyev ; texniki redaktor Rövşən Ağayev ; tərtibatçı-rəssam Nərgiz Əliyeva ; korrektor Pərinaz Səmədova
Number of part/section of a work IV cild
250 ## - EDITION STATEMENT
Edition statement Təkrar nəşr.
264 ## - PRODUCTION, PUBLICATION, DISTRIBUTION, MANUFACTURE, AND COPYRIGHT NOTICE
Place of production, publication, distribution, manufacture Bakı :
Name of producer, publisher, distributor, manufacturer Şərq-qərb ,
Date of production, publication, distribution, manufacture, or copyright notice 2005.
300 ## - PHYSICAL DESCRIPTION
Extent 343, [1] səhifə ;
Other physical details fotoşəkil ;
Dimensions 22 sm.
336 ## - CONTENT TYPE
Content type term text
Content type code txt
Source rdacontent
337 ## - MEDIA TYPE
Media type term unmediated
Media type code n
Source rdamedia
338 ## - CARRIER TYPE
Carrier type term volume
Carrier type code nc
Source rdacarrier
490 1# - SERIES STATEMENT
Series statement Klassik Azərbaycan ədəbiyyatı.
500 ## - GENERAL NOTE
General note Azərbaycan Respublikasının Prezidenti İlham Əliyevin "Azərbaycan dilində latın qrafikası ilə kütləvi nəşrlərin həyata keçirilməsi haqqında" 12 yanvar 2004-cü il tarixli sərəncamı ilə nəşr olunur və ölkə kitabxanalarına hədiyyə edilir.
500 ## - GENERAL NOTE
General note Lüğət : s. 319-340.
500 ## - GENERAL NOTE
General note Bu kitab "Məhəmməd Füzuli. Əsərləri. Altı cilddə. IV cild" (Bakı, "Azərbaycan" nəşriyyatı, 1996) nəşri əsasında təkrar nəşrə hazırlanmışdır.
505 0# - Formatted Contents Note
Formatted contents note Türkcə qəsidələr -- Farsca qəsidələr -- Ərəbcə qəsidələr -- Fəzliyə nəsihət.
520 0# - SUMMARY, ETC.
Summary, etc. Əsərlərinin təqdim olunan cildində şairin ana dilində qələmə aldığı qəsidələri, fars və ərəb dillərində dini səciyyəli qəsidələrinin tərcümələri toplanmışdır.
546 ## - LANGUAGE NOTE
Language note Kitabda həmçinin fars dilində də yazılar verilmişdir.
650 #7 - SUBJECT ADDED ENTRY--TOPICAL TERM
Source of heading or term AZ-XaKU
Topical term or geographic name entry element Bədii ədəbiyyat
General subdivision Azərbaycan ədəbiyyatı
Chronological subdivision 15-16-cı əsr.
655 ## - INDEX TERM--GENRE/FORM
Source of term AZ-XaKU
Genre/form data or focus term Qəsidə.
700 1# - ADDED ENTRY--PERSONAL NAME
Personal name Araslı, Həmid,
Dates associated with a name 1909-1983,
Relator term tərtib edəni.
700 1# - ADDED ENTRY--PERSONAL NAME
Personal name Kərimli, Teymur,
Dates associated with a name 1953-
Relator term redaktor.
700 1# - ADDED ENTRY--PERSONAL NAME
Personal name Mübariz, M.,
Relator term tərcüməçi.
700 1# - ADDED ENTRY--PERSONAL NAME
Personal name Sultanov, M.
Relator term tərcüməçi.
700 1# - ADDED ENTRY--PERSONAL NAME
Personal name Güləliyev, Əziz,
Relator term buraxılışa məsul.
700 1# - ADDED ENTRY--PERSONAL NAME
Personal name Ağayev, Rövşən,
Relator term texniki redaktor.
700 1# - ADDED ENTRY--PERSONAL NAME
Personal name Əliyeva, Nərgiz,
Relator term tərtibatçı-rəssam.
700 1# - ADDED ENTRY--PERSONAL NAME
Personal name Səmədova, Pərinaz,
Relator term korrektor.
830 #0 - SERIES ADDED ENTRY--UNIFORM TITLE
Uniform title Klassik Azərbaycan ədəbiyyatı.
942 ## - ADDED ENTRY ELEMENTS (KOHA)
Koha item type Book
Holdings
Withdrawn status Lost status Source of classification or shelving scheme Damaged status Not for loan Collection Home library Current library Date acquired Total checkouts Full call number Barcode Date last seen Copy number Price effective from Koha item type
    Library of Congress Classification     General Collection Karabakh University Main Library Karabakh University Business & Economics Library 05/13/2026   PL314 .F9899 .W89256 2005 c.3 0000000775 05/13/2026 3 05/13/2026 Book